000 02614cam a22004934i 4500
003 PE-LiUPU
005 20250731175618.0
008 101015s2010 mou rb 000 0 eng
020 _a0758626673
020 _a9780758626677
035 _a(Sirsi) i9780758626677
040 _aDLC
_bspa
_cDLC
_dBTCTA
_dCDX
_dYDXCP
_dITC
_dBTA
_dDTM
_dOCLCQ
_dPE-LiUPU
_erda
082 0 0 _a485
_bN82
_223
100 1 _aNordling, John G.,
_eautor.
245 1 0 _aReligion and resistance in early Judaism :
_breadings in first Maccabees and Josephus /
_cJohn G. Nordling.
264 _aEstados Unidos:
_bConcordia Pub. House,
_c©2010.
300 _axxiii, 361 páginas ;
_c23 centímetros.
336 _atext
_2rdacontent
337 _aunmediated
_2rdamedia
338 _avolume
_2rdacarrier
490 1 _aConcordia Greek reader
500 _a"Religion and resistance in early Judaism prepares advanced students of Greek to read and translate selections from 1 Maccabees and Josephus, with an emphasis on building knowledge of grammar, syntax, and vocabulary. The book also describes the religious and cultural clash between the classical world and early Judaism."--ECIP summary.
504 _aBibliografía : páginas xv-xxiii.
505 0 _aIntroduction -- Greek text: 1 Maccabees 1:1, 4:61 -- Text notes: 1 Maccabees -- -- Greek text: Josephus selections -- Text notes: Josephus -- Vocabulary.
520 _a"Religion and resistance in early Judaism prepares advanced students of Greek to read and translate selections from 1 Maccabees and Josephus, with an emphasis on building knowledge of grammar, syntax, and vocabulary. The book also describes the religious and cultural clash between the classical world and early Judaism."--ECIP summary.
526 _aP145
526 _aP127
526 _aP97
526 _aP35
526 _aP14
526 _aP07
630 0 0 _aBiblia.
_pMacabeos, 1ra
_xLenguaje, estilo.
630 0 0 _aJosephus, Flavius.
_tAntiquitates Judaicae.
650 0 _aLenguaje griego
_xGramática.
650 0 _aLenguaje griego
_xSintáxis.
650 0 _aLenguaje griego
_xVocabulario.
910 _ajck
_bebj
_cebj
_d20160608
942 _2ddc
_cBOOK
949 _a485 N82
_wDEWEY
_c1
_i73607
_lCCODEBUL1
_mBUL
_p23.60
_r0
_sY
_tBOOK
_u2016-6-8
_xTEOLOGIA
_PP85
_0COMPRA
_o.STAFF. Colección General Teología
994 _aC0
_bPEPRU
596 _a1
999 _a485 N82
_wDEWEY
_c9819
_i73607
_f2021-11-11
_g5
_lCCODEBUL1
_mBUL
_p23.60
_r0
_sY
_tBOOK
_u2016-6-8
_xTEOLOGIA
_PP85
_0COMPRA
_o.STAFF. Colección General Teología
_d9819
980 _81
_gALBERTO SANCHEZ Responsable de Automatización